[Event "Bilderberg 2007"]
[Site "Oosterbeek"]
[Date "2007.07.05"]
[Round "6"]
[White "Ruiter, T. de"]
[Black "Monté, P.J.."]
[Result "0-1"]
[WhiteElo "2112"]
[BlackElo "2006"]
[PlyCount "68"]
[EventDate "2007.06.30"]
[SourceDate "2007.07.06"]

1. e4 e6 2. d4 d5 3. e5 c5 4. Nf3 Nc6 5. c3 Nge7 6. Bd3 cxd4 7. cxd4 Nf5 8. Be3
Qb6 9. Nc3 Qxb2 10. Nb5 Nxe3 11. fxe3 Qxg2 12. Rf1 Bb4+ 13. Nd2 O-O 14. Rf2 Qh3
15. Ke2 Bd7 16. a3 Be7 17. Qg1 f6 18. Rg2 Qh6 19. Nf3 fxe5 20. Nxe5 Nxe5 21.
dxe5 Qh5+ 22. Kd2 Qxe5 23. Nd4 h6 24. Rb1 b6 25. Rg6 Kh8 26. Bb5 Bxb5 27. Rxe6
Qg5 28. Qxg5 Bxg5 29. Rxb5 Rf2+ 30. Kd3 Rxh2 31. Rxd5 Ra2 32. Nb5 Rf8 33. Kc4
a6 34. Nc3 Rxa3 0-1

[Event "Bilderberg 2007"]
[Site "Oosterbeek"]
[Date "2007.07.05"]
[Round "6"]
[White "Etmans, M.D.."]
[Black "Zuidema, C.."]
[Result "0-1"]
[WhiteElo "2186"]
[BlackElo "2404"]
[PlyCount "66"]
[EventDate "2007.06.30"]
[SourceDate "2007.07.06"]

1. e4 e5 2. Nf3 Nc6 3. Bb5 a6 4. Ba4 Nf6 5. Qe2 b5 6. Bb3 Be7 7. c3 d6 8. O-O
Na5 9. Bc2 c5 10. d4 Qc7 11. Bg5 O-O 12. Bxf6 Bxf6 13. d5 Bd7 14. b3 g6 15.
Nbd2 Bg7 16. c4 Bh6 17. Rfd1 Rfb8 18. Rab1 bxc4 19. bxc4 Rb4 20. a3 Rxb1 21.
Rxb1 Rb8 22. Qd3 Rxb1+ 23. Bxb1 Qb6 24. Qc3 Bg4 25. Bc2 Bxf3 26. Nxf3 Bc1 27.
h4 Kg7 28. Bd1 Bb2 29. Qd3 Bd4 30. g3 Qb2 31. Be2 Nb3 32. Nxd4 cxd4 33. Bd1 Nc5
0-1

[Event "Bilderberg 2007"]
[Site "Oosterbeek"]
[Date "2007.07.05"]
[Round "6"]
[White "Leeuwen , E. van"]
[Black "Berg, A.M.J. van den"]
[Result "0-1"]
[WhiteElo "2047"]
[BlackElo "2169"]
[PlyCount "106"]
[EventDate "2007.06.30"]
[SourceDate "2007.07.06"]

1. e4 c5 2. Ne2 Nc6 3. Nbc3 Nf6 4. d4 cxd4 5. Nxd4 d6 6. Nb3 e6 7. Bd3 Be7 8.
O-O a6 9. f4 O-O 10. Qf3 g6 11. Be3 Qc7 12. Rae1 Rb8 13. Qe2 b5 14. Bd2 b4 15.
Nd1 a5 16. Ne3 a4 17. Nc1 Bb7 18. c3 a3 19. bxa3 bxa3 20. Nb3 Ra8 21. Nc2 d5
22. e5 Ne4 23. Ncd4 Nxd2 24. Qxd2 Rfc8 25. Rf3 Ba6 26. Bxa6 Rxa6 27. Rh3 Nxd4
28. cxd4 h5 29. Rc1 Rc6 30. Rxc6 Qxc6 31. Rf3 Qc4 32. Rf1 Bb4 33. Qc1 Bc3 34.
Qxa3 Bxd4+ 35. Nxd4 Qxd4+ 36. Kh1 Kg7 37. h3 h4 38. Qe7 Qc4 39. Qf6+ Kg8 40.
Rb1 Qe4 41. Rg1 d4 42. Kh2 d3 43. Rc1 Rf8 44. Qxh4 d2 45. Rd1 Qc2 46. Qg4 Qxa2
47. Qe2 Rd8 48. h4 Kg7 49. g3 Qc2 50. Kg2 Rd3 51. Kh2 Kh6 52. Kg2 Qb3 53. Rxd2
Qd5+ 0-1

[Event "Bilderberg 2007"]
[Site "Oosterbeek"]
[Date "2007.07.05"]
[Round "6"]
[White "Brongers, H.R.        ."]
[Black "Nagel, J.G.."]
[Result "1/2-1/2"]
[WhiteElo "2072"]
[BlackElo "1916"]
[PlyCount "36"]
[EventDate "2007.06.30"]
[SourceDate "2007.07.06"]

1. e4 e5 2. Nf3 Nc6 3. Bc4 Be7 4. d4 exd4 5. O-O d6 6. Nxd4 Ne5 7. Bb3 Nf6 8.
Nc3 O-O 9. h3 Ned7 10. f3 Nc5 11. Bc4 a6 12. a4 g6 13. Bh6 Re8 14. b4 Ne6 15.
Nxe6 Bxe6 16. Bxe6 fxe6 17. Bg5 Nh5 18. Bxe7 Qxe7 1/2-1/2

[Event "Bilderberg 2007"]
[Site "Oosterbeek"]
[Date "2007.07.05"]
[Round "6"]
[White "Böhm, H.."]
[Black "Haitsma, A.H.."]
[Result "1-0"]
[WhiteElo "2265"]
[BlackElo "2013"]
[PlyCount "77"]
[EventDate "2007.06.30"]
[SourceDate "2007.07.06"]

1. d4 Nf6 2. Bg5 d5 3. c3 Nbd7 4. Nf3 c6 5. Nbd2 Qc7 6. e3 e6 7. Bd3 Bd6 8. Qc2
b6 9. c4 Bb7 10. Rc1 Rc8 11. O-O O-O 12. a3 a5 13. Qb1 Qb8 14. Rfd1 a4 15. cxd5
exd5 16. Bh4 h6 17. Bg3 Bxg3 18. hxg3 Qa8 19. Rc3 Rfe8 20. Rdc1 c5 21. Bf5 Rcd8
22. Nh4 Ba6 23. Bd3 Ne4 24. Nxe4 dxe4 25. Bxa6 Qxa6 26. Nf5 cxd4 27. Nxd4 Nc5
28. Qa2 Rd7 29. Qc4 Qxc4 30. Rxc4 g6 31. Kf1 Red8 32. Ke2 Kg7 33. R1c2 Re8 34.
Nb5 Ra8 35. Rd4 Rad8 36. Rcc4 f5 37. f3 exf3+ 38. gxf3 h5 39. Nc3 {vlag} 1-0

[Event "Bilderberg 2007"]
[Site "Oosterbeek"]
[Date "2007.07.05"]
[Round "6"]
[White "Hajenius, W.D.."]
[Black "Arp, F.L.."]
[Result "0-1"]
[WhiteElo "1967"]
[BlackElo "2118"]
[PlyCount "98"]
[EventDate "2007.06.30"]
[SourceDate "2007.07.06"]

1. d4 Nf6 2. c4 g6 3. Nc3 Bg7 4. e4 d6 5. f4 O-O 6. Nf3 c5 7. d5 Bg4 8. Be2 a6
9. a4 e6 10. O-O exd5 11. cxd5 Re8 12. e5 Nh5 13. e6 fxe6 14. dxe6 Nc6 15. Bc4
Kh8 16. Qd5 Bxe6 17. Qxe6 Rxe6 18. Bxe6 h6 19. g4 Nd4 20. gxh5 Nxe6 21. hxg6
Nd4 22. Nd5 Nxf3+ 23. Rxf3 Qe8 24. f5 Qe1+ 25. Kg2 Qe2+ 26. Kg3 Qe5+ 27. Nf4
Qxf5 28. Raa3 Be5 29. Kh4 Rg8 30. Rab3 Qg5+ 31. Kh3 Bxf4 32. Bxf4 Qf5+ 33. Kg2
Rxg6+ 34. Bg3 Qe4 35. Rbe3 Qc6 36. b3 b5 37. axb5 axb5 38. h4 Rf6 39. Kf2 Rxf3+
40. Rxf3 Kg7 41. h5 c4 42. Bh4 Qc5+ 43. Ke2 Qxh5 44. Bf6+ Kg6 45. bxc4 bxc4 46.
Bc3 d5 47. Kf2 Qh2+ 48. Ke3 Qg1+ 49. Rf2 h5 0-1

[Event "Bilderberg 2007"]
[Site "Oosterbeek"]
[Date "2007.07.05"]
[Round "6"]
[White "Grotenhuis, G.H.."]
[Black "Huizinga, S.W.."]
[Result "1-0"]
[WhiteElo "2059"]
[BlackElo "1870"]
[PlyCount "77"]
[EventDate "2007.06.30"]
[SourceDate "2007.07.06"]

1. b3 Nf6 2. Bb2 e6 3. e3 Be7 4. f4 b6 5. Nf3 Bb7 6. c4 c5 7. Nc3 O-O 8. Bd3 d5
9. Qe2 Nc6 10. O-O-O Nb4 11. Bb1 dxc4 12. bxc4 Ba6 13. Ng5 g6 14. g4 Nbd5 15.
h4 Nxc3 16. Bxc3 Nd5 17. Nxh7 Bxc4 18. Qxc4 b5 19. Qd3 c4 20. Qd4 Nxc3 21. dxc3
Qxd4 22. exd4 Kxh7 23. h5 Ba3+ 24. Kd2 Kg7 25. f5 Be7 26. fxg6 Bg5+ 27. Ke2 f5
28. gxf5 exf5 29. Kf3 Rfe8 30. Rde1 Bd2 31. Rxe8 Rxe8 32. Bxf5 Re3+ 33. Kg4
Rxc3 34. d5 Ra3 35. Rf1 Ra6 36. Be6 c3 37. Rf7+ Kg8 38. Rc7+ Rxe6 39. dxe6 1-0

[Event "Bilderberg 2007"]
[Site "Oosterbeek"]
[Date "2007.07.05"]
[Round "6"]
[White "Oosthout , W.L.."]
[Black "Sep, C.J.P.."]
[Result "1/2-1/2"]
[WhiteElo "1950"]
[BlackElo "1971"]
[PlyCount "61"]
[EventDate "2007.06.30"]
[SourceDate "2007.07.06"]

1. e4 c5 2. Nc3 e6 3. g3 d5 4. exd5 exd5 5. Bg2 Nf6 6. d3 Be7 7. Nge2 d4 8. Ne4
Nxe4 9. Bxe4 Nd7 10. O-O Nf6 11. Bg2 O-O 12. h3 Bd6 13. Nf4 Qc7 14. Qf3 Rb8 15.
Nh5 Nxh5 16. Qxh5 Bd7 17. Re1 Rbe8 18. Bd2 Bc6 19. Rxe8 Rxe8 20. Re1 Rxe1+ 21.
Bxe1 g6 22. Qe2 Bxg2 23. Kxg2 Qe7 24. Qxe7 Bxe7 25. g4 Kg7 26. Bd2 Kf6 27. Kf3
Ke5 28. Bf4+ Kd5 29. Bb8 a6 30. Kf4 b5 31. c3 1/2-1/2

[Event "Bilderberg 2007"]
[Site "Oosterbeek"]
[Date "2007.07.05"]
[Round "6"]
[White "Duijvesteijn, L.W.T.."]
[Black "Goossen, T.P.."]
[Result "0-1"]
[WhiteElo "1985"]
[BlackElo "2060"]
[PlyCount "132"]
[EventDate "2007.06.30"]
[SourceDate "2007.07.06"]

1. e4 c5 2. c3 e5 3. d4 cxd4 4. cxd4 exd4 5. Qxd4 Nc6 6. Qa4 Bc5 7. Nc3 d6 8.
Nd5 Bd7 9. Qd1 Nge7 10. Nf3 O-O 11. Be2 Nxd5 12. exd5 Ne5 13. O-O Qb6 14. Nd2
f5 15. h3 a5 16. Nb3 Ba4 17. Bd2 f4 18. Bc3 Qc7 19. Rc1 b6 20. Re1 Rae8 21.
Bxe5 Rxe5 22. Bc4 Qe7 23. Rxe5 Qxe5 24. Qf3 Bxb3 25. Bxb3 g6 26. Rc2 Re8 27.
Bc4 Qd4 28. Re2 Re5 29. Rxe5 Qxe5 30. Qe2 Qf6 31. Qe6+ Kg7 32. Qxf6+ Kxf6 33.
Kf1 Ke5 34. Ke2 Kd4 35. b3 a4 36. g3 fxg3 37. fxg3 Kc3 38. g4 Bb4 39. h4 a3 40.
Bd3 Kb2 41. h5 gxh5 42. g5 h4 43. Kd1 Bc5 44. Bxh7 Be3 45. Bf5 Bxg5 46. Bh3 b5
47. Bg2 b4 48. Bh3 Kc3 49. Ke2 Kd4 50. Bg2 Be3 51. Bh1 h3 52. Bf3 Bf4 53. Bh1
Kc3 54. Be4 Kd4 55. Bf3 Bc1 56. Bh1 Ke5 57. Bf3 Kf4 58. Bh1 Be3 59. Kf1 Kg3 60.
Be4 Bd4 61. Bh1 Bf6 62. Be4 Kf4 63. Bh1 Ke3 64. Kg1 Ke2 65. Kh2 Kd2 66. Kg3 Kc2
0-1

[Event "Bilderberg 2007"]
[Site "Oosterbeek"]
[Date "2007.07.05"]
[Round "6"]
[White "Mostertman, L.G.."]
[Black "Plijter, M.W.."]
[Result "1-0"]
[WhiteElo "1980"]
[BlackElo "1960"]
[PlyCount "56"]
[EventDate "2007.06.30"]
[SourceDate "2007.07.06"]

1. e4 e6 2. d4 d5 3. Nd2 Nf6 4. e5 Nfd7 5. Ngf3 c5 6. c3 Nc6 7. Bd3 cxd4 8.
cxd4 Qb6 9. O-O Nxd4 10. Nxd4 Qxd4 11. Nf3 Qb6 12. a3 Be7 13. Qa4 Kf8 14. b4
Qc7 15. Bb2 Nb6 16. Qb3 Bd7 17. a4 Rc8 18. Rfc1 Nc4 19. Bd4 b6 20. Rc2 g6 21.
Rac1 Kg7 22. h4 h5 23. Be3 Bc6 24. Bxc4 dxc4 25. Rxc4 Qb7 26. Qc2 Bd7 27. Rc7
Qb8 28. Bg5 Bd8 1-0

[Event "Bilderberg 2007"]
[Site "Oosterbeek"]
[Date "2007.07.06"]
[Round "7"]
[White "Speijer, N.B.."]
[Black "Markus, J.R.          ."]
[Result "1-0"]
[WhiteElo "2133"]
[BlackElo "2200"]
[PlyCount "39"]
[EventDate "2007.06.30"]
[SourceDate "2007.07.06"]

1. e4 g6 2. d4 Bg7 3. Nc3 d6 4. Be3 a6 5. Qd2 Nd7 6. O-O-O b5 7. h4 h5 8. Nh3
Bb7 9. f3 Ngf6 10. Ng5 O-O 11. g4 b4 12. Ne2 hxg4 13. h5 gxh5 14. Ng3 e6 15.
Bd3 c5 16. Nxh5 Nxh5 17. Rxh5 cxd4 18. Qh2 Nf6 19. Rh1 dxe3 20. Rh8+ 1-0

[Event "Bilderberg 2007"]
[Site "Oosterbeek"]
[Date "2007.07.06"]
[Round "7"]
[White "Visser, G.M.."]
[Black "Caspel, R.D.J. van  "]
[Result "0-1"]
[WhiteElo "2019"]
[BlackElo "2067"]
[PlyCount "60"]
[EventDate "2007.06.30"]
[SourceDate "2007.07.06"]

1. e4 c6 2. d4 d5 3. e5 g6 4. c4 Bg7 5. Nc3 Na6 6. cxd5 Nb4 7. Qb3 Nxd5 8. Bd2
Nb6 9. Nf3 Be6 10. Qc2 Bd5 11. Nxd5 Nxd5 12. Bc4 e6 13. O-O Nge7 14. Bg5 h6 15.
Bxd5 hxg5 16. Bxe6 fxe6 17. Nxg5 Qxd4 18. Nxe6 Qxe5 19. Nxg7+ Kf7 20. h3 Kxg7
21. Rae1 Qf6 22. Qb3 Rhf8 23. Re6 Qf7 24. Qc3+ Kh7 25. Re4 Kg8 26. Rg4 Nd5 27.
Qb3 Kg7 28. f4 Nf6 29. Qc3 Kg8 30. Rg5 Ne4 0-1

[Event "Bilderberg 2007"]
[Site "Oosterbeek"]
[Date "2007.07.06"]
[Round "7"]
[White "Graaff, R.A.G. de"]
[Black "Zuidema, C.."]
[Result "1-0"]
[WhiteElo "2155"]
[BlackElo "2404"]
[PlyCount "77"]
[EventDate "2007.06.30"]
[SourceDate "2007.07.06"]

1. d4 Nf6 2. Nf3 d5 3. c4 e6 4. cxd5 exd5 5. Nc3 c6 6. Bg5 Be7 7. Qc2 g6 8. e3
Bf5 9. Bd3 Bxd3 10. Qxd3 Nbd7 11. O-O O-O 12. Rab1 a5 13. Bxf6 Bxf6 14. Qc2 Re8
15. a3 Nb6 16. Na4 Nxa4 17. Qxa4 Qd6 18. Rfc1 Rec8 19. Ne1 b6 20. Nd3 c5 21.
dxc5 bxc5 22. b3 c4 23. bxc4 dxc4 24. Nf4 c3 25. g3 Kg7 26. Ne2 Qd3 27. Nf4 Qd6
28. Ne2 Qa6 29. Nd4 Rc4 30. Qb5 Qxb5 31. Rxb5 a4 32. Kf1 Be7 33. Nc2 Rd8 34.
Ke1 Rd2 35. Rb7 Bd6 36. Ra7 Kf6 37. Rd1 Rxc2 38. Rxd6+ Ke5 39. Rd4 {vlag} 1-0

[Event "Bilderberg 2007"]
[Site "Oosterbeek"]
[Date "2007.07.06"]
[Round "7"]
[White "Berg, A.M.J. van den"]
[Black "Monté, P.J.."]
[Result "1-0"]
[WhiteElo "2169"]
[BlackElo "2006"]
[PlyCount "39"]
[EventDate "2007.06.30"]
[SourceDate "2007.07.06"]

1. e4 e6 2. d4 d5 3. Nc3 Bb4 4. e5 c5 5. Qg4 Ne7 6. dxc5 Nbc6 7. Bd2 d4 8. Ne4
Bxd2+ 9. Kxd2 Nf5 10. Nf3 O-O 11. Bd3 b6 12. cxb6 Qxb6 13. Nf6+ Kh8 14. Nxh7
Kxh7 15. Bxf5+ exf5 16. Qh5+ Kg8 17. Ng5 Rd8 18. Qxf7+ Kh8 19. Qh5+ Kg8 20.
Qh7+ 1-0

[Event "Bilderberg 2007"]
[Site "Oosterbeek"]
[Date "2007.07.06"]
[Round "7"]
[White "Scholten, K.R.        ."]
[Black "Wilmink, J.."]
[Result "1/2-1/2"]
[WhiteElo "1945"]
[BlackElo "1942"]
[PlyCount "111"]
[EventDate "2007.06.30"]
[SourceDate "2007.07.06"]

1. e4 c5 2. d4 cxd4 3. Nf3 d6 4. Nxd4 Nf6 5. Nc3 g6 6. Be3 Bg7 7. f3 O-O 8. Qd2
Nc6 9. g4 h5 10. gxh5 Nxh5 11. O-O-O Bd7 12. Kb1 Qa5 13. Nd5 Qxd2 14. Rxd2 e6
15. Nxc6 Bxc6 16. Ne7+ Kh8 17. Nxc6 bxc6 18. Rxd6 Rfd8 19. Rxd8+ Rxd8 20. Be2
Rb8 21. b3 Rb7 22. Rd1 Be5 23. Ba6 Rc7 24. Bc5 Bxh2 25. Bb4 Be5 26. Ba5 Re7 27.
Bb4 Rc7 28. Bc5 Kg7 29. Bd4 Bxd4 30. Rxd4 Nf6 31. a4 g5 32. Rd1 Nd7 33. Kb2 Ne5
34. Rf1 Kf6 35. Be2 Ng6 36. Rg1 Rc8 37. Kc3 Rh8 38. Kb4 Ke5 39. Rxg5+ Kd4 40.
Ka5 Ke3 41. Bd3 Nf4 42. Rg7 Rf8 43. Ka6 Nxd3 44. cxd3 Kxd3 45. Kxa7 Kc3 46. a5
Kxb3 47. a6 c5 48. Kb6 c4 49. a7 c3 50. Rxf7 Rxf7 51. a8=Q c2 52. Qc6 Rxf3 53.
e5 Rc3 54. Qb5+ Ka3 55. Qa6+ Kb2 56. Qe2 1/2-1/2

[Event "Bilderberg 2007"]
[Site "Oosterbeek"]
[Date "2007.07.06"]
[Round "7"]
[White "Peut, A. van de"]
[Black "Böhm, H.."]
[Result "0-1"]
[WhiteElo "1924"]
[BlackElo "2265"]
[PlyCount "40"]
[EventDate "2007.06.30"]
[SourceDate "2007.07.06"]

1. e4 e6 2. d4 d5 3. Nc3 Bb4 4. e5 Ne7 5. a3 Bxc3+ 6. bxc3 c5 7. Qg4 Nf5 8. Bd3
h5 9. Qh3 Nc6 10. g4 Nfe7 11. f4 cxd4 12. Ne2 dxc3 13. Nxc3 a6 14. Bd2 g6 15.
Rb1 b5 16. Rf1 Kd7 17. g5 Qb6 18. f5 gxf5 19. Bxf5 exf5 20. Rxf5 Ke8 0-1

[Event "Bilderberg 2007"]
[Site "Oosterbeek"]
[Date "2007.07.06"]
[Round "7"]
[White "Arp, F.L.."]
[Black "Brongers, H.R.        ."]
[Result "1/2-1/2"]
[WhiteElo "2118"]
[BlackElo "2072"]
[PlyCount "88"]
[EventDate "2007.06.30"]
[SourceDate "2007.07.06"]

1. e4 c6 2. d4 d5 3. Nc3 dxe4 4. Nxe4 Bf5 5. Ng3 Bg6 6. Nf3 Nd7 7. h4 h6 8. h5
Bh7 9. Bf4 e6 10. Bd3 Bxd3 11. Qxd3 Qa5+ 12. c3 Ngf6 13. Be5 Rd8 14. Qc2 Be7
15. O-O O-O 16. a4 c5 17. Qe2 cxd4 18. cxd4 Rc8 19. b3 Qb4 20. Qb5 a6 21. Qxb4
Bxb4 22. Rac1 Ba3 23. Ra1 Bb2 24. Ra2 Bc3 25. Bd6 Rfd8 26. Rc2 Rc6 27. Be7 Rdc8
28. Bxf6 Nxf6 29. Rfc1 Nd5 30. Ne2 Kf8 31. Ne5 R6c7 32. Kf1 Ke7 33. g4 b5 34.
Nxc3 Rxc3 35. Rxc3 Rxc3 36. Rxc3 Nxc3 37. a5 Nd5 38. Nc6+ Kd6 39. Nd8 f6 40.
Nb7+ Kc6 41. Nc5 Nc7 42. Ke2 Kd5 43. Kd3 e5 44. b4 exd4 1/2-1/2

[Event "Bilderberg 2007"]
[Site "Oosterbeek"]
[Date "2007.07.06"]
[Round "7"]
[White "Nagel, J.G.."]
[Black "Ruiter, T. de"]
[Result "1/2-1/2"]
[WhiteElo "1916"]
[BlackElo "2112"]
[PlyCount "63"]
[EventDate "2007.06.30"]
[SourceDate "2007.07.06"]

1. e4 c5 2. Nf3 d6 3. d4 cxd4 4. Nxd4 Nf6 5. Nc3 a6 6. Be3 Ng4 7. Bg5 h6 8. Bh4
g5 9. Bg3 Bg7 10. h4 Qb6 11. Nb3 Be6 12. hxg5 hxg5 13. Rxh8+ Bxh8 14. Qd2 Nd7
15. Qxg5 Bxc3+ 16. bxc3 Qc6 17. O-O-O Qxe4 18. f3 Qe3+ 19. Qxe3 Nxe3 20. Re1
Nxf1 21. Rxf1 O-O-O 22. Kb2 Nb6 23. Be1 Rh8 24. Nd4 Nc4+ 25. Ka1 Bd5 26. Bf2
Kd7 27. Nf5 Rh2 28. Nh4 Ne3 29. Rg1 Nxc2+ 30. Kb2 Ne3 31. Bg3 Rxh4 32. Bxh4
1/2-1/2

[Event "Bilderberg 2007"]
[Site "Oosterbeek"]
[Date "2007.07.06"]
[Round "7"]
[White "Etmans, M.D.."]
[Black "Grotenhuis, G.H.."]
[Result "1-0"]
[WhiteElo "2186"]
[BlackElo "2059"]
[PlyCount "51"]
[EventDate "2007.06.30"]
[SourceDate "2007.07.06"]

1. e4 d5 2. exd5 Qxd5 3. Nc3 Qd6 4. d4 Nf6 5. Nf3 c6 6. Bg5 Bg4 7. Be2 Nbd7 8.
Qd2 e6 9. O-O Qc7 10. Ne5 Nxe5 11. dxe5 Qxe5 12. Bxf6 gxf6 13. Bxg4 Bd6 14. g3
O-O-O 15. Rfe1 Qa5 16. Qe2 f5 17. Bh5 Qc7 18. Rad1 Rhg8 19. Rd3 e5 20. Red1 e4
21. Rd4 f6 22. Bf7 Bxg3 23. Be6+ Kb8 24. Rxd8+ Rxd8 25. Rxd8+ Qxd8 26. hxg3 1-0

[Event "Bilderberg 2007"]
[Site "Oosterbeek"]
[Date "2007.07.06"]
[Round "7"]
[White "Sep, C.J.P.."]
[Black "Leeuwen , E. van"]
[Result "1/2-1/2"]
[WhiteElo "1971"]
[BlackElo "2047"]
[PlyCount "121"]
[EventDate "2007.06.30"]
[SourceDate "2007.07.06"]

1. e4 d5 2. exd5 Nf6 3. Nc3 Nxd5 4. Bc4 c6 5. Nf3 Be6 6. Nd4 Nxc3 7. Nxe6 Nxd1
8. Nxd8 Kxd8 9. Kxd1 e6 10. d4 Bd6 11. c3 Nd7 12. Kc2 Kc7 13. Be3 Nb6 14. Bd3
Nd5 15. Rae1 h6 16. h3 Rad8 17. a3 Rd7 18. Rhf1 Rhd8 19. Rd1 Be7 20. Rfe1 Bf6
21. Bc1 b5 22. Be4 a5 23. Bd2 a4 24. Bf3 Nb6 25. Bf4+ Kb7 26. Be5 Nd5 27. Bxf6
Nxf6 28. Re5 Kb6 29. h4 Rd6 30. Rde1 Nd7 31. R5e4 c5 32. Rd1 Kc7 33. Rf4 f5 34.
dxc5 Rxd1 35. Bxd1 Nxc5 36. Rd4 Rd6 37. Be2 Rb6 38. Rb4 Kc6 39. Bf3+ Kd6 40. c4
Nb3 41. cxb5 Kc5 42. Rxa4 Nd4+ 43. Kb1 Rxb5 44. Ra7 Nxf3 45. gxf3 Rb3 46. Rxg7
Rxf3 47. Rc7+ Kd4 48. Rc2 e5 49. Ka2 Rf4 50. Kb3 Kd3 51. a4 Rd4 52. Rc5 Ke4 53.
Rc4 Kd3 54. Rxd4+ exd4 55. a5 Ke2 56. a6 d3 57. a7 d2 58. a8=Q d1=Q+ 59. Ka2
Kxf2 60. Qa7+ Kf3 61. Qb7+ 1/2-1/2

[Event "Bilderberg 2007"]
[Site "Oosterbeek"]
[Date "2007.07.06"]
[Round "7"]
[White "Goossen, T.P.."]
[Black "Mostertman, L.G.."]
[Result "1-0"]
[WhiteElo "2060"]
[BlackElo "1980"]
[PlyCount "79"]
[EventDate "2007.06.30"]
[SourceDate "2007.07.06"]

1. e4 e5 2. Nf3 Nc6 3. Bb5 f5 4. d3 Nf6 5. Qe2 fxe4 6. dxe4 d6 7. Nc3 Be7 8. h3
O-O 9. Be3 Kh8 10. O-O-O a6 11. Bxc6 bxc6 12. Nxe5 Qe8 13. Nd3 Be6 14. Nf4 Bg8
15. g4 Nd7 16. Nh5 c5 17. f4 Rb8 18. g5 Qc8 19. Nd5 Bd8 20. Bd2 c6 21. Bc3 Rf7
22. Ne3 d5 23. exd5 cxd5 24. Nxd5 Qb7 25. b3 a5 26. Rhg1 Nf8 27. f5 Rxf5 28.
Bxg7+ Qxg7 29. Nxg7 Kxg7 30. Nf6 Bf7 31. h4 Bc7 32. Rgf1 Rxf1 33. Qxf1 Ne6 34.
Rd7 Bf4+ 35. Kb1 Rf8 36. Nh5+ Kg8 37. Nxf4 Be8 38. Ra7 Rxf4 39. Qe1 Bf7 40.
Ra8+ 1-0

[Event "Bilderberg 2007"]
[Site "Oosterbeek"]
[Date "2007.07.06"]
[Round "7"]
[White "Haitsma, A.H.."]
[Black "Oosthout , W.L.."]
[Result "1-0"]
[WhiteElo "2013"]
[BlackElo "1950"]
[PlyCount "61"]
[EventDate "2007.06.30"]
[SourceDate "2007.07.06"]

1. d4 Nf6 2. c4 g6 3. Nc3 Bg7 4. e4 d6 5. Be2 O-O 6. Bg5 h6 7. Be3 Kh7 8. h3 e5
9. Nf3 Nc6 10. d5 Ne7 11. g4 Nfg8 12. h4 Nf6 13. Nh2 Nd7 14. h5 g5 15. Nf1 Nb6
16. b4 Nd7 17. c5 a5 18. a3 Nf6 19. f3 axb4 20. axb4 Rxa1 21. Qxa1 Bd7 22. Nd2
Qa8 23. O-O Qxa1 24. Rxa1 Rb8 25. Ra3 Bf8 26. Bb5 c6 27. Bc4 cxd5 28. exd5 Nc8
29. Nde4 Nxe4 30. Nxe4 f5 31. Nf6+ 1-0

[Event "Bilderberg 2007"]
[Site "Oosterbeek"]
[Date "2007.07.06"]
[Round "7"]
[White "Plijter, M.W.."]
[Black "Hajenius, W.D.."]
[Result "0-1"]
[WhiteElo "1960"]
[BlackElo "1967"]
[PlyCount "102"]
[EventDate "2007.06.30"]
[SourceDate "2007.07.06"]

1. e4 c5 2. d4 cxd4 3. c3 dxc3 4. Nxc3 e6 5. Bc4 Qc7 6. Qe2 Nc6 7. Nf3 Nf6 8.
O-O Ng4 9. g3 Bc5 10. Bf4 d6 11. Nb5 Qb8 12. Rad1 e5 13. Bc1 O-O 14. Kg2 h6 15.
h3 Nf6 16. Nc3 a6 17. Be3 b5 18. Bd5 Bb7 19. Kh2 Qc7 20. Nh4 Nd4 21. Bxd4 exd4
22. Bxb7 Qxb7 23. Nd5 Nxd5 24. exd5 Qxd5 25. Qd3 Rae8 26. b3 Re4 27. Ng2 Rfe8
28. Rfe1 Rxe1 29. Rxe1 Rxe1 30. Nxe1 f5 31. f3 Qe5 32. Ng2 d5 33. Nh4 f4 34. g4
Qe3 35. Qf5 Qf2+ 36. Kh1 Qe1+ 37. Kg2 Qg3+ 38. Kf1 Qxh3+ 39. Ke2 Qxh4 40. Qxd5+
Kh8 41. Qxc5 Qf6 42. Kd3 g5 43. Qc8+ Kg7 44. Qd7+ Kf8 45. Qc8+ Kf7 46. Qd7+ Qe7
47. Qf5+ Kg7 48. Kxd4 Qe3+ 49. Kd5 Qxf3+ 50. Kc5 Qc3+ 51. Kd5 Qf6 0-1

[Event "Bilderberg 2007"]
[Site "Oosterbeek"]
[Date "2007.07.06"]
[Round "7"]
[White "Huizinga, S.W.."]
[Black "Duijvesteijn, L.W.T.."]
[Result "1-0"]
[WhiteElo "1870"]
[BlackElo "1985"]
[PlyCount "105"]
[EventDate "2007.06.30"]
[SourceDate "2007.07.06"]

1. e4 g6 2. d4 Bg7 3. Nc3 d6 4. Be3 Nd7 5. f4 c6 6. Nf3 b5 7. Bd3 Bb7 8. Ne2
Ngf6 9. Ng3 O-O 10. h3 c5 11. c3 Qc7 12. O-O Rad8 13. Qe2 e6 14. Bd2 c4 15. Bc2
Bc6 16. Rae1 Rde8 17. Nh2 Re7 18. Ng4 Nxg4 19. hxg4 e5 20. fxe5 dxe5 21. d5 Bb7
22. Be3 h6 23. Qd2 Qd6 24. Bxh6 Nf6 25. Bg5 Rc7 26. Bd1 Bc8 27. Bxf6 Bxf6 28.
Nh1 Qd8 29. g3 Kg7 30. Nf2 Rh8 31. Kg2 Bg5 32. Qe2 f6 33. Rh1 Rxh1 34. Rxh1 Kg8
35. Nh3 Bh6 36. Qf3 Rf7 37. Nf4 Bg5 38. Nxg6 Kg7 39. Nh4 Bb7 40. Nf5+ Kg6 41.
Nh4+ Kh7 42. Qf5+ Kg8 43. Ng6 Qd7 44. Rh8+ Kg7 45. Rh7+ Kxh7 46. Nf8+ Kg7 47.
Nxd7 Bc8 48. b3 Rxd7 49. Qe6 Kf8 50. Qc6 Rd8 51. Qxb5 Bd7 52. Qc5+ Ke8 53. Qxc4
1-0